Aguas minerales alcalinas de la República Argentina / (Record no. 79782)

MARC details
000 -LEADER
campo de control de longitud fija 00648nam a2200181 i 4500
001 - NÚMERO DE CONTROL
campo de control 79782
003 - IDENTIFICADOR DE NÚMERO DE CONTROL
campo de control ES-MaACL
005 - FECHA Y HORA DE LA ÚLTIMA TRANSACCIÓN
campo de control 20230906174042.0
007 - CAMPO FIJO DE DESCRIPCIÓN FÍSICA--INFORMACIÓN GENERAL
campo de control de longitud fija t|
008 - DATOS DE LONGITUD FIJA--INFORMACIÓN GENERAL
campo de control de longitud fija 041025s1907 ag ||||1| spa d
100 1# - ENTRADA PRINCIPAL--NOMBRE DE PERSONA
Nombre de persona Herrero Ducloux, Enrique.
9 (RLIN) 63308
245 10 - MENCIÓN DEL TÍTULO
Título Aguas minerales alcalinas de la República Argentina /
Mención de responsabilidad, etc. por Enrique Herrero Ducloux.
260 ## - PUBLICACIÓN, DISTRIBUCIÓN, ETC.
Lugar de publicación, distribución, etc. Buenos Aires :
Nombre del editor, distribuidor, etc. Universidad Nacional de La Plata,
Fecha de publicación, distribución, etc. 1907 (
Fabricante Coni Hermanos)
300 ## - DESCRIPCIÓN FÍSICA
Extensión 23 h. :
Otras características físicas il. ;
Dimensiones 28 cm.
500 ## - NOTA GENERAL
Nota general Es separata de: "Revista del Museo de la Plata", tom. XIV, p. 9-52.
710 2# - ENTRADA AGREGADA--NOMBRE DE ENTIDAD CORPORATIVA
Nombre de entidad corporativa o nombre de jurisdicción como elemento de entrada Universidad Nacional de La Plata.
9 (RLIN) 7422
852 ## - LOCALIZACIÓN
Ubicación ES-MaACL
Número de control de estantería G-7762
Holdings
Estatus retirado Estado de pérdida Estado de daño No para préstamo Biblioteca de origen Biblioteca actual Ubicación en estantería Fecha de adquisición Fuente de adquisición Total de préstamos Signatura topográfica completa Código de barras Visto por última vez Precio de reemplazo Tipo de ítem Koha
        Biblioteca del Ateneo de Madrid Biblioteca del Ateneo de Madrid Sala Pecera Planta 3 17/01/2008     G-7762 1083423 23/02/2023 23/02/2023 Libro impreso